000 00256nam a2200109Ia 4500
008 190216s9999||||xx |||||||||||||| ||und||
100 _aProf.Syam Mishra
245 0 _aHindi-Yesodhara Be Teeka
260 _bAshoka Prakasan
650 _aHindi
942 _cBK
999 _c15241
_d15241